| 000 | 01027nam a2200205Ia 4500 | ||
|---|---|---|---|
| 999 |
_c55952 _d55952 |
||
| 001 | 23051 | ||
| 003 | GE_BSU | ||
| 005 | 20210514141050.0 | ||
| 008 | 181216s1971||||ge |||||||||||||| ||geo|| | ||
| 040 | _cGE_BSU | ||
| 041 | _ageo | ||
| 080 | _a821.124.09(075.8) ყ -36 | ||
| 100 |
_aყაუხჩიშვილი, სიმონ _91490 |
||
| 245 |
_aანტიკური ლიტერატურის ისტორია : _bსახელმძღვ. პედ. ინ-ტების სტუდენტებისათვის / _cსიმონ ყაუხჩიშვილი. |
||
| 250 | _aმე-3 გამოცემა | ||
| 264 |
_aთბილისი : _bგანათლება, _c1971. |
||
| 300 |
_a427 გვ. ; _b22 სმ. |
||
| 653 | _aანტიკური ლიტერატურის ისტორია - სახელმძღვანელოები უმაღლესი სასწავლებლებისათვის. | ||
| 942 |
_cBK _2udc |
||